000 00602nam a2200157Ia 4500
008 160316s2016 xxu||||| |||| 00| 0 eng d
082 _a363.606850
_bIBA
100 _a
245 _aProfessional development training workshop for advocates and public officials: Fighting corruption and promoting good governance, 7-9 Oct. 2016 a Trivandrum
250 _a
260 _aBangalore
_bIBA-CLE Chair
_c2016
300 _a197
_b
_c
365 _b
650 _a1. The Prevention of Corruption Act, 1988 2. Benami Transations - Money Laundering Act, 2002 3. Lok Pal - Lok Ayuktas Act, 2013
700 _a
_a
999 _c41304
_d41304